Connect : (Record no. 131100)
[ view plain ]
| 000 -LEADER | |
|---|---|
| fixed length control field | 03059cam a22003737i 4500 |
| 001 - CONTROL NUMBER | |
| control field | 18814880 |
| 003 - CONTROL NUMBER IDENTIFIER | |
| control field | ARRUPE |
| 005 - DATE AND TIME OF LATEST TRANSACTION | |
| control field | 20211104092401.0 |
| 008 - FIXED-LENGTH DATA ELEMENTS--GENERAL INFORMATION | |
| fixed length control field | 151009t20162015nyua b 001 0 eng d |
| 010 ## - LIBRARY OF CONGRESS CONTROL NUMBER | |
| LC control number | 2015954472 |
| 020 ## - INTERNATIONAL STANDARD BOOK NUMBER | |
| International Standard Book Number | 9781610396974 (hardcover) |
| 020 ## - INTERNATIONAL STANDARD BOOK NUMBER | |
| International Standard Book Number | 1610396979 (hardcover) |
| 020 ## - INTERNATIONAL STANDARD BOOK NUMBER | |
| Cancelled/invalid ISBN | 9781610396981 (ebook) |
| 035 ## - SYSTEM CONTROL NUMBER | |
| System control number | (OCoLC)ocn929056073 |
| 040 ## - CATALOGING SOURCE | |
| Original cataloging agency | YDXCP |
| Language of cataloging | eng |
| Transcribing agency | YDXCP |
| Description conventions | rda |
| Modifying agency | BTCTA |
| -- | BDX |
| -- | HBS |
| -- | OCLCF |
| -- | LEB |
| -- | OCP |
| -- | IMD |
| -- | ZLM |
| -- | GO3 |
| -- | GZT |
| -- | DLC |
| 042 ## - AUTHENTICATION CODE | |
| Authentication code | lccopycat |
| 050 00 - LIBRARY OF CONGRESS CALL NUMBER | |
| Classification number | HD60 |
| Item number | .B767 2016 |
| 082 00 - DEWEY DECIMAL CLASSIFICATION NUMBER | |
| Classification number | 658.408 |
| Edition number | 23 |
| 300 ## - PHYSICAL DESCRIPTION | |
| Other physical details | illustrations ; |
| Dimensions | 25 cm |
| 100 1# - MAIN ENTRY--PERSONAL NAME | |
| Personal name | Browne, John, |
| Dates associated with a name | 1948- |
| Relator term | author. |
| 9 (RLIN) | 50963 |
| 245 10 - TITLE STATEMENT | |
| Title | Connect : |
| Remainder of title | how companies succeed by engaging radically with society / |
| Statement of responsibility, etc | John Browne ; with Robin Nuttall and Tommy Stadlen. |
| 260 ## - PUBLICATION, DISTRIBUTION, ETC. (IMPRINT) | |
| Place of publication, distribution, etc | London |
| Name of publisher, distributor, etc | WH Allen |
| Date of publication, distribution, etc | 2016 |
| 300 ## - PHYSICAL DESCRIPTION | |
| Extent | xvi, 302 pages : |
| 504 ## - BIBLIOGRAPHY, ETC. NOTE | |
| Bibliography, etc | Includes bibliographical references (pages 256-285) and index. |
| 505 0# - FORMATTED CONTENTS NOTE | |
| Formatted contents note | The business of business. The nothing new -- Chocolate villages -- Meatpackers and muckrakers -- The last nabob -- Silent Spring -- Queen and servant -- The reservoir -- The four tenets of connected leadership. History rhymes -- On purpose -- Professional era -- The front foot -- People rising. |
| 520 ## - SUMMARY, ETC. | |
| Summary, etc | "Why being radically connected with society is not just the right thing to do, it is an imperative for a company's bottom line. Connect is a practical manifesto that redefines the role of business in society. Through insightful analysis and vivid storytelling - ranging from ancient China, Andrew Carnegie and the Homestead Strike of the late nineteenth century, to oil spills and privacy issues emanating from the technology of the twenty-first - Connect explores the recurring rift between business and society and proposes a way in which companies can prosper by connecting with the world around them. There is an enormous prize for leaders who engage creatively and constructively with society, and who make its needs part of their company's business model. The evidence presented in Connect shows that the value of radical connection amounts to 30 percent of corporate earnings. The shares of companies that connect outperform those of competitors by 2 percent every year, amounting to a performance boost of 20 percent over a decade. Connect rejects stale ideas about corporate social responsibility disconnected from commercial activity and from the needs of real people. It identifies four tenets of "connected leadership," a radical new paradigm that shows how companies and executives can thrive by close engagement with society." -- Publisher's description |
| 650 #0 - SUBJECT ADDED ENTRY--TOPICAL TERM | |
| Topical term or geographic name as entry element | Social responsibility of business. |
| 9 (RLIN) | 12958 |
| 650 #7 - SUBJECT ADDED ENTRY--TOPICAL TERM | |
| Topical term or geographic name as entry element | Social responsibility of business. |
| Source of heading or term | fast |
| 9 (RLIN) | 12958 |
| 700 1# - ADDED ENTRY--PERSONAL NAME | |
| Personal name | Nuttall, Robin, |
| Relator term | author. |
| 9 (RLIN) | 50964 |
| 700 1# - ADDED ENTRY--PERSONAL NAME | |
| Personal name | Stadlen, Tommy, |
| Relator term | author. |
| 9 (RLIN) | 50965 |
| 906 ## - LOCAL DATA ELEMENT F, LDF (RLIN) | |
| a | 7 |
| b | cbc |
| c | copycat |
| d | 2 |
| e | ncip |
| f | 20 |
| g | y-gencatlg |
| 942 ## - ADDED ENTRY ELEMENTS (KOHA) | |
| Source of classification or shelving scheme | Library of Congress Classification |
| Koha item type | Monograph ( Printed materials) |
| Withdrawn status | Lost status | Source of classification or shelving scheme | Damaged status | Not for loan | Collection code | Home library | Current library | Shelving location | Date acquired | Total Checkouts | Full call number | Barcode | Date last seen | Price effective from | Koha item type |
|---|---|---|---|---|---|---|---|---|---|---|---|---|---|---|---|
| Library of Congress Classification | Main Collection | ARRUPE LIBRARY | ARRUPE LIBRARY | Main Collection | 04/11/2021 | HD60 .B767 2016 | 46600007092 | 04/11/2021 | 04/11/2021 | Monograph ( Printed materials) |